[Event "XXVIII Panevezys Open Liettua 2015"]
[Site "Panevezys"]
[Date "2015.08.20"]
[Round "6.1"]
[White "Sisatto Olli"]
[Black "Kashtanov Ruslan"]
[Result "1/2-1/2"]
[WhiteElo "2268"]
[BlackElo "2322"]
[PlyCount "34"]
[EventDate "2015.08.17"]
[EventRounds "9"]
[EventCountry "LTU"]

1. d4 Nf6 2. Nf3 g6 3. g3 Bg7 4. Bg2 c5 5. O-O cxd4 6. Nxd4 O-O 7. Nc3 Nc6 8.
Nb3 d6 9. h3 Rb8 10. e4 b5 11. Nd5 Nd7 12. a3 a5 13. c3 e6 14. Ne3 a4 15. Nd4
Nxd4 16. cxd4 Qb6 17. Nc2 Bb7 1/2-1/2

[Event "XXVIII Panevezys Open Liettua 2015"]
[Site "Panevezys"]
[Date "2015.08.22"]
[Round "8.3"]
[White "Laurusas Tomas"]
[Black "Sisatto Olli"]
[Result "1-0"]
[WhiteElo "2421"]
[BlackElo "2268"]
[PlyCount "63"]
[EventDate "2015.08.17"]
[EventRounds "9"]
[EventCountry "LTU"]

1. c4 e6 2. Nf3 Nf6 3. d4 d5 4. Nc3 Be7 5. Bg5 h6 6. Bh4 O-O 7. e3 b6 8. cxd5
Nxd5 9. Bxe7 Qxe7 10. Nxd5 exd5 11. Qb3 Be6 12. Be2 c5 13. Qa3 Rc8 14. Rc1 Kf8
15. dxc5 bxc5 16. O-O a5 17. Rc3 Nd7 18. Rfc1 Rcb8 19. b3 g6 20. h3 Rb4 21. Ne1
Qg5 22. Kf1 Kg8 23. Nd3 d4 24. Rxc5 Nxc5 25. Rxc5 Qe7 26. exd4 Re8 27. Nxb4
axb4 28. Qxb4 Bxh3 29. Qd2 Qe4 30. f3 Bxg2+ 31. Kf2 Qe7 32. Re5 1-0

[Event "XXVIII Panevezys Open Liettua 2015"]
[Site "Panevezys"]
[Date "2015.08.23"]
[Round "9.6"]
[White "Tsiganova Monika"]
[Black "Sisatto Olli"]
[Result "1/2-1/2"]
[WhiteElo "2065"]
[BlackElo "2268"]
[PlyCount "49"]
[EventDate "2015.08.17"]
[EventRounds "9"]
[EventCountry "LTU"]

1. e4 e5 2. Nf3 Nf6 3. Nc3 Nc6 4. Bb5 Nd4 5. Ba4 c6 6. d3 d6 7. Nxd4 exd4 8.
Ne2 Qa5+ 9. c3 dxc3 10. bxc3 Be7 11. O-O O-O 12. h3 d5 13. e5 Nd7 14. d4 f6 15.
f4 fxe5 16. fxe5 Rxf1+ 17. Kxf1 Nf8 18. Bc2 Ng6 19. Bd2 Be6 20. Kg1 Rf8 21. Qb1
Qb6 22. Qxb6 axb6 23. a4 Ra8 24. Rb1 Bd8 25. Nf4 1/2-1/2

[Event "GM Panevezys Liettua 2015"]
[Site "Panevezys"]
[Date "2015.08.17"]
[Round "1.2"]
[White "Lugovskoy Maxim"]
[Black "Sammalvuo Tapani"]
[Result "1/2-1/2"]
[WhiteElo "2431"]
[BlackElo "2432"]
[PlyCount "45"]
[EventDate "2015.08.17"]
[EventRounds "9"]
[EventCountry "LTU"]

1. e4 e5 2. Nf3 Nc6 3. Nc3 Nf6 4. d4 exd4 5. Nxd4 Bb4 6. Nxc6 bxc6 7. Bd3 d5 8.
exd5 cxd5 9. O-O O-O 10. h3 c6 11. Qf3 Bd6 12. Bf4 Qc7 13. Bxd6 Qxd6 14. Rfe1
Bd7 15. Qg3 Qxg3 16. fxg3 Rfe8 17. Na4 Rxe1+ 18. Rxe1 Re8 19. Rxe8+ Bxe8 20. c4
dxc4 21. Bxc4 Ne4 22. g4 c5 23. Bd3 1/2-1/2

[Event "GM Panevezys Liettua 2015"]
[Site "Panevezys"]
[Date "2015.08.18"]
[Round "2.4"]
[White "Sammalvuo Tapani"]
[Black "Maksimenko Andrei"]
[Result "1/2-1/2"]
[WhiteElo "2432"]
[BlackElo "2466"]
[PlyCount "93"]
[EventDate "2015.08.17"]
[EventRounds "9"]
[EventCountry "LTU"]

1. d4 d5 2. c4 dxc4 3. e3 e5 4. Bxc4 exd4 5. exd4 Nf6 6. Nf3 Bd6 7. O-O O-O 8.
Nc3 Nc6 9. h3 h6 10. Qc2 Na5 11. Bd3 Be6 12. Rd1 Nc6 13. a3 Kh8 14. b4 Ne7 15.
Ne5 c6 16. Qe2 Ned5 17. Nxd5 Nxd5 18. Qe4 Nf6 19. Qh4 Nd5 20. Qe4 Nf6 21. Qe2
Re8 22. Bc2 Kg8 23. Bf4 Nd5 24. Bd2 f6 25. Ng4 Bf5 26. Qc4 Bxc2 27. Qxc2 Kh8
28. Re1 Qd7 29. Qg6 Rxe1+ 30. Rxe1 Rf8 31. h4 Qf7 32. h5 Ne7 33. Qxf7 Rxf7 34.
Re6 Nf5 35. Ne3 Re7 36. Rxe7 Nxe7 37. g4 Kg8 38. Kg2 Kf7 39. Kf3 Ke6 40. Ke4 b5
41. Nf5 Nxf5 42. gxf5+ Kd7 43. Be3 a6 44. Bd2 Bc7 45. Bc3 Bb6 46. Bd2 Bc7 47.
Bc3 1/2-1/2

[Event "GM Panevezys Liettua 2015"]
[Site "Panevezys"]
[Date "2015.08.18"]
[Round "3.3"]
[White "Miezis Normunds"]
[Black "Sammalvuo Tapani"]
[Result "1-0"]
[WhiteElo "2511"]
[BlackElo "2432"]
[PlyCount "92"]
[EventDate "2015.08.17"]
[EventRounds "9"]
[EventCountry "LTU"]

1. c4 Nf6 2. Nc3 e5 3. Nf3 Nc6 4. g3 Bb4 5. Bg2 O-O 6. O-O e4 7. Ne1 Bxc3 8.
dxc3 h6 9. Nc2 b6 10. Nb4 Nxb4 11. cxb4 Bb7 12. Be3 Qe7 13. a3 Rad8 14. Rc1 Ng4
15. Bd4 d6 16. f3 Ne3 17. Bxe3 exf3 18. exf3 Qxe3+ 19. Rf2 d5 20. cxd5 Rxd5 21.
Qe1 Qb3 22. Bf1 Qa4 23. Rxc7 Rd1 24. Qe2 Re8 25. b3 Rxe2 26. bxa4 Rxf2 27. Kxf2
Bxf3 28. Rxa7 Be4 29. a5 bxa5 30. b5 f5 31. a4 Rb1 32. Rxa5 Kf7 33. Ra6 g5 34.
Bc4+ Kg7 35. b6 f4 36. gxf4 gxf4 37. Bb5 Rb2+ 38. Ke1 Rxh2 39. b7 Bxb7 40. Ra7
Kf6 41. Rxb7 Ra2 42. Ra7 Ke5 43. a5 Kd4 44. a6 Kc5 45. Bf1 f3 46. Rf7 Kd5 1-0

[Event "GM Panevezys Liettua 2015"]
[Site "Panevezys"]
[Date "2015.08.19"]
[Round "4.3"]
[White "Sammalvuo Tapani"]
[Black "Stremavicius Titas"]
[Result "1/2-1/2"]
[WhiteElo "2432"]
[BlackElo "2457"]
[PlyCount "96"]
[EventDate "2015.08.17"]
[EventRounds "9"]
[EventCountry "LTU"]

1. d4 f5 2. Nf3 Nf6 3. g3 g6 4. Bg2 Bg7 5. O-O O-O 6. c4 d6 7. Nc3 Nc6 8. d5
Na5 9. Qa4 c5 10. dxc6 Nxc6 11. Rd1 Kh8 12. Be3 Bd7 13. c5 Ng4 14. Bf4 Nd4 15.
Qc4 dxc5 16. h3 e5 17. Bg5 Nxf3+ 18. exf3 Nf6 19. Qxc5 Qe8 20. Re1 Be6 21. Qb4
Nd5 22. Qxb7 Rb8 23. Qxa7 Rxb2 24. Nxd5 Bxd5 25. Bf4 Qa8 26. Qxa8 Rxa8 27. Bxe5
Bxe5 28. Rxe5 Bxa2 29. Re7 Rd8 30. Rc1 Rb1 31. Rxb1 Bxb1 32. Rb7 Ba2 33. Ra7
Rd1+ 34. Kh2 Rd2 35. Kg1 Rd1+ 36. Kh2 Rd2 37. g4 fxg4 38. hxg4 Rxf2 39. Kg3 Rd2
40. f4 Bd5 41. Bf1 Rd1 42. Be2 Rd2 43. Re7 Kg8 44. Kh4 Kf8 45. Re5 Rd4 46. f5
gxf5 47. Rxf5+ Kg7 48. Rg5+ Kf8 1/2-1/2

[Event "GM Panevezys Liettua 2015"]
[Site "Panevezys"]
[Date "2015.08.20"]
[Round "5.4"]
[White "Loetscher Roland"]
[Black "Sammalvuo Tapani"]
[Result "0-1"]
[WhiteElo "2439"]
[BlackElo "2432"]
[PlyCount "130"]
[EventDate "2015.08.17"]
[EventRounds "9"]
[EventCountry "LTU"]

1. d4 Nf6 2. c4 e6 3. g3 d5 4. Bg2 Be7 5. Nf3 O-O 6. O-O dxc4 7. Qc2 a6 8. Qxc4
b5 9. Qc2 Bb7 10. Bd2 Be4 11. Qc1 Bb7 12. a3 Ne4 13. Be3 Nd7 14. Rd1 Qc8 15.
Ne5 Nxe5 16. dxe5 f6 17. f3 Ng5 18. Bc5 Qe8 19. Qe3 fxe5 20. Nc3 Nf7 21. Bxe7
Qxe7 22. b4 Rac8 23. Qc5 Qxc5+ 24. bxc5 Rcd8 25. Rac1 Rxd1+ 26. Nxd1 Rd8 27. c6
Bxc6 28. Rxc6 Rxd1+ 29. Kf2 Kf8 30. Rxc7 Ra1 31. Rc3 Nd6 32. Rc6 Nc4 33. Rxa6
b4 34. Rc6 b3 35. Rxc4 b2 36. Rb4 b1=Q 37. Rxb1 Rxb1 38. h4 Ra1 39. g4 Rxa3 40.
e3 Ke7 41. Bf1 e4 42. fxe4 h6 43. Kf3 Kf6 44. Kf4 g5+ 45. hxg5+ hxg5+ 46. Kf3
e5 47. Ke2 Ra1 48. Kf2 Rd1 49. Ba6 Rd2+ 50. Ke1 Rg2 51. Be2 Ke7 52. Kd2 Kd6 53.
Kd3 Kc5 54. Bf3 Rf2 55. Be2 Kb5 56. Bd1 Kb4 57. Bc2 Ka3 58. Kc3 Re2 59. Bb1 Re1
60. Bc2 Rxe3+ 61. Kc4 Kb2 62. Bd1 Rxe4+ 63. Kd5 Rd4+ 64. Kxe5 Rxd1 65. Kf6 Rd5
0-1

[Event "GM Panevezys Liettua 2015"]
[Site "Panevezys"]
[Date "2015.08.20"]
[Round "6.2"]
[White "Sammalvuo Tapani"]
[Black "Ladva Ottomar"]
[Result "1/2-1/2"]
[WhiteElo "2432"]
[BlackElo "2452"]
[PlyCount "347"]
[EventDate "2015.08.17"]
[EventRounds "9"]
[EventCountry "LTU"]

1. d4 Nf6 2. c4 e6 3. g3 c5 4. d5 exd5 5. cxd5 d6 6. Nf3 g6 7. Bg2 Bg7 8. Nc3
O-O 9. O-O Re8 10. Bf4 Na6 11. Re1 Bg4 12. h3 Bf5 13. Nd2 Nh5 14. e4 Nxf4 15.
gxf4 Bd7 16. Nc4 Qf6 17. e5 Qxf4 18. Re4 Qh6 19. e6 fxe6 20. Nxd6 Re7 21. dxe6
Bc6 22. Nd5 Bxd5 23. Qxd5 Bxb2 24. Rb1 Rf8 25. Nxb7 Bd4 26. Qd6 Bxf2+ 27. Kh2
Qg5 28. Rg4 Qf5 29. Be4 Qf6 30. Qxa6 Bd4 31. Kh1 Kh8 32. Qc4 Rxe6 33. Bg2 Qe7
34. Qc1 Rf2 35. Nxc5 Bxc5 36. Rb8+ Rf8 37. Qb2+ Qg7 38. Rxf8+ Bxf8 39. Qxg7+
Kxg7 40. Re4 Rb6 41. Bf3 Rb2 42. Re2 Rb1+ 43. Kg2 Bc5 44. Rd2 Kf6 45. Rc2 Bb6
46. Re2 Rg1+ 47. Kh2 Rg5 48. Bg4 h5 49. Bd7 Bc7+ 50. Kh1 Rd5 51. Bc8 Rd3 52.
Rc2 Bd6 53. Rf2+ Kg5 54. Rg2+ Bg3 55. Rc2 Ra3 56. Be6 Re3 57. Bd7 Be5 58. Rg2+
Kf6 59. Rc2 Ke7 60. Bc8 a5 61. Kg2 a4 62. Kf2 Rd3 63. Ke2 Rd4 64. Ke3 Rd1 65.
Ke2 Ra1 66. Kf3 a3 67. Kg2 Re1 68. Kf2 Rd1 69. Kg2 Rd3 70. Kf2 Bd4+ 71. Kg2 Be5
72. Kf2 Bd6 73. Ke2 Rd4 74. Ke3 Rb4 75. Kf3 Be5 76. Re2 Kf6 77. Rc2 Rf4+ 78.
Ke3 Rb4 79. Rc6+ Kg7 80. Be6 Rb1 81. Ra6 Bb2 82. Bd5 Rg1 83. Be4 h4 84. Rc6
Rg3+ 85. Kf4 Bd4 86. Bc2 Kh6 87. Re6 Ba7 88. Ke5 Kh5 89. Kf6 Bd4+ 90. Kf7 Rf3+
91. Kg8 Rxh3 92. Bxg6+ Kg5 93. Be4 Rc3 94. Rd6 Rc4 95. Bd3 Rb4 96. Kf7 h3 97.
Rg6+ Kf4 98. Rh6 Rb7+ 99. Ke8 Kg4 100. Bf1 Rb2 101. Bxh3+ Kg5 102. Rd6 Be5 103.
Ra6 Rxa2 104. Be6 Ra1 105. Ke7 Kf4 106. Bd5 Bc3 107. Ra4+ Ke5 108. Bf7 Rb1 109.
Re4+ Kf5 110. Re2 Rb7+ 111. Ke8 Kf4 112. Ba2 Kf3 113. Rc2 Rc7 114. Kd8 Rc5 115.
Kd7 Ke3 116. Kd6 Kd4 117. Bf7 Rf5 118. Be6 Rf1 119. Rg2 Rh1 120. Bf7 Rh6+ 121.
Ke7 Kd3 122. Bg6+ Kd4 123. Bf7 Bb4+ 124. Kd7 Rd6+ 125. Kc7 Rf6 126. Bg8 Kc3
127. Ba2 Bc5 128. Rg3+ Kb2 129. Rg2+ Bf2 130. Bd5 a2 131. Bxa2 Kxa2 132. Kd7
Kb3 133. Ke7 Rf3 134. Rg4 Kc3 135. Ke6 Bd4 136. Kd5 Rf5+ 137. Ke6 Re5+ 138. Kd6
Kc4 139. Rh4 Ra5 140. Rh1 Ra6+ 141. Kd7 Kd5 142. Rd1 Ra7+ 143. Kd8 Ke5 144. Kc8
Bc5 145. Rd7 Ra2 146. Rd1 Bd6 147. Kb7 Rc2 148. Kb6 Bc5+ 149. Kb7 Bd4 150. Rb1
Kd6 151. Ka6 Rc8 152. Rb7 Kc5 153. Rb1 Ra8+ 154. Kb7 Ra2 155. Rc1+ Kd6 156. Rb1
Ra7+ 157. Kb8 Rh7 158. Rd1 Kd5 159. Kc8 Rg7 160. Kd8 Ra7 161. Rd2 Kc5 162. Ke8
Bf6 163. Rd7 Ra6 164. Rd1 Bd4 165. Kd7 Rd6+ 166. Ke8 Kd5 167. Ke7 Re6+ 168. Kd7
Re4 169. Rd2 Re1 170. Kd8 Ra1 171. Kd7 Ra7+ 172. Kd8 Ke5 173. Kc8 Rh7 174. Rd1
1/2-1/2

[Event "GM Panevezys Liettua 2015"]
[Site "Panevezys"]
[Date "2015.08.21"]
[Round "7.5"]
[White "Starostits Ilmars"]
[Black "Sammalvuo Tapani"]
[Result "1/2-1/2"]
[WhiteElo "2415"]
[BlackElo "2432"]
[PlyCount "28"]
[EventDate "2015.08.17"]
[EventRounds "9"]
[EventCountry "LTU"]

1. d4 Nf6 2. c4 e6 3. Nc3 Bb4 4. e3 c5 5. Bd3 Nc6 6. Nf3 Bxc3+ 7. bxc3 d6 8.
O-O e5 9. d5 Ne7 10. Nd2 O-O 11. Qc2 Bd7 12. a4 b6 13. f4 exf4 14. exf4 g6
1/2-1/2

[Event "GM Panevezys Liettua 2015"]
[Site "Panevezys"]
[Date "2015.08.22"]
[Round "8.1"]
[White "Kjartansson Gudmundur"]
[Black "Sammalvuo Tapani"]
[Result "1-0"]
[WhiteElo "2447"]
[BlackElo "2432"]
[PlyCount "73"]
[EventDate "2015.08.17"]
[EventRounds "9"]
[EventCountry "LTU"]

1. Nf3 Nf6 2. c4 e6 3. Nc3 Bb4 4. Qc2 c5 5. a3 Ba5 6. e3 O-O 7. d4 b6 8. Be2
Ba6 9. O-O Bxc3 10. Qxc3 cxd4 11. Nxd4 d5 12. cxd5 Bxe2 13. Nxe2 Qxd5 14. b4
Nbd7 15. Nf4 Qf5 16. Bb2 Rfc8 17. Qd3 Rc2 18. Qxf5 exf5 19. Bd4 Rac8 20. Rfd1
a6 21. f3 Kf8 22. a4 R2c4 23. a5 b5 24. Rab1 g6 25. Nd3 Ke7 26. Nc5 Rc6 27. Rb2
Nf8 28. e4 fxe4 29. fxe4 Ne8 30. Be3 f6 31. Bh6 Nd6 32. e5 fxe5 33. Bxf8+ Kxf8
34. Nd7+ Ke8 35. Nxe5 Rc1 36. Rbd2 Ke7 37. Rxd6 1-0

[Event "GM Panevezys Liettua 2015"]
[Site "Panevezys"]
[Date "2015.08.23"]
[Round "9.5"]
[White "Sammalvuo Tapani"]
[Black "Jarmula Lukasz"]
[Result "1/2-1/2"]
[WhiteElo "2432"]
[BlackElo "2368"]
[PlyCount "41"]
[EventDate "2015.08.17"]
[EventRounds "9"]
[EventCountry "LTU"]

1. Nf3 Nf6 2. c4 g6 3. Nc3 Bg7 4. e4 d6 5. d4 O-O 6. Be2 e5 7. dxe5 dxe5 8.
Qxd8 Rxd8 9. Nd5 Nxd5 10. cxd5 c6 11. Bc4 b5 12. Bb3 a5 13. a3 Bb7 14. Bg5 Rd7
15. Rc1 a4 16. Ba2 cxd5 17. Bxd5 Na6 18. Bxb7 Rxb7 19. O-O Nc7 20. Rc6 Ne6 21.
Bd2 1/2-1/2

[Event "XLIX Ilmar Raua malestusturniir 2015"]
[Site "?"]
[Date "2015.07.01"]
[Round "4"]
[White "Porrasmaa Timo"]
[Black "Sirosh Ilja"]
[Result "0-1"]
[WhiteElo "2056"]
[BlackElo "2314"]
[PlyCount "66"]
[EventDate "2015.06.29"]
[EventType "swiss"]
[EventRounds "9"]
[EventCountry "EST"]
[Source "Mark Crowther"]
[SourceDate "2015.07.13"]

1. d4 d5 2. Nf3 Nf6 3. c4 c6 4. Qc2 dxc4 5. Qxc4 Bg4 6. Nbd2 Nbd7 7. g3 e6 8.
Bg2 Be7 9. O-O O-O 10. Ne5 Bh5 11. Ndf3 Nxe5 12. Nxe5 Nd7 13. Bf4 Nxe5 14. Bxe5
Qb6 15. Rfc1 Rfd8 16. g4 Bg6 17. e4 Bd6 18. Bxd6 Rxd6 19. d5 exd5 20. exd5 cxd5
21. Bxd5 Rad8 22. Rd1 Qxb2 23. Bf3 h6 24. Kg2 Rd2 25. Rxd2 Rxd2 26. Rf1 Bd3 27.
Qc8+ Kh7 28. Re1 Rxf2+ 29. Kg3 Rxh2 30. Re8 Qf2+ 31. Kf4 Rh3 32. Rh8+ Kg6 33.
Qxb7 Qd4+ 0-1

[Event "XLIX Ilmar Raua malestusturniir 2015"]
[Site "?"]
[Date "2015.07.04"]
[Round "8"]
[White "Porrasmaa Timo"]
[Black "Dragun Valentin"]
[Result "1-0"]
[WhiteElo "2056"]
[BlackElo "2099"]
[PlyCount "101"]
[EventDate "2015.06.29"]
[EventType "swiss"]
[EventRounds "9"]
[EventCountry "EST"]
[Source "Mark Crowther"]
[SourceDate "2015.07.13"]

1. d4 g6 2. Nf3 Bg7 3. c4 c5 4. Nc3 Nf6 5. g3 O-O 6. Bg2 d5 7. cxd5 Nxd5 8. O-O
Nc6 9. Nxd5 Qxd5 10. Be3 Qh5 11. dxc5 Bxb2 12. Rb1 Bf6 13. Qa4 Rb8 14. Bf4 e5
15. Bg5 Bg7 16. Be3 Bf5 17. Rbd1 Rfd8 18. Rxd8+ Rxd8 19. Rd1 Rxd1+ 20. Qxd1 Bf6
21. Qd2 Qg4 22. Ng5 h6 23. Bh3 Qb4 24. Bxf5 Qxd2 25. Bxd2 gxf5 26. Nf3 e4 27.
Nh4 Bxh4 28. gxh4 Nd4 29. Kf1 Kh7 30. Be3 Ne6 31. c6 bxc6 32. Bxa7 Nc7 33. a4
Kg6 34. Bb6 Na6 35. a5 Nb4 36. Bd8 f4 37. Ke1 e3 38. f3 Kf5 39. Kd1 Ke6 40. h5
c5 41. Kc1 f6 42. Kb2 Kd7 43. Bxf6 c4 44. Bg7 Kc6 45. Bxh6 Nd3+ 46. Kc2 Nb4+
47. Kd1 Kb5 48. Bg5 c3 49. Bxf4 Kc4 50. Bxe3 Kb3 51. h6 1-0

[Event "XLIX Ilmar Raua malestusturniir 2015"]
[Site "?"]
[Date "2015.07.05"]
[Round "9"]
[White "Dubrovin R"]
[Black "Porrasmaa Timo"]
[Result "1-0"]
[WhiteElo "2230"]
[BlackElo "2056"]
[PlyCount "73"]
[EventDate "2015.06.29"]
[EventType "swiss"]
[EventRounds "9"]
[EventCountry "EST"]
[Source "Mark Crowther"]
[SourceDate "2015.07.13"]

1. d4 Nf6 2. c4 c5 3. d5 e5 4. Nc3 d6 5. e4 Be7 6. Nf3 O-O 7. h3 Nbd7 8. Bd3
Nh5 9. g3 a6 10. a3 b6 11. Be3 g6 12. h4 Ndf6 13. Nh2 Bd7 14. Bh6 Ng7 15. Qe2
Kh8 16. Bd2 Nfh5 17. Bh6 f5 18. exf5 gxf5 19. Qd2 Rb8 20. a4 Qe8 21. Kd1 Bf6
22. Bg5 e4 23. Bxf6 Nxf6 24. Be2 Qe5 25. Kc2 Nge8 26. f4 Qe7 27. Nf1 Rg8 28.
Rh3 Nc7 29. Ne3 Qf7 30. h5 Qg7 31. h6 Qf7 32. Qe1 b5 33. axb5 axb5 34. Ra7 Rgc8
35. cxb5 Ncxd5 36. Ncxd5 Nxd5 37. Nxd5 1-0

[Event "8th Paleochora Open 2015"]
[Site "?"]
[Date "2015.07.18"]
[Round "3"]
[White "Puuska Heini"]
[Black "Lekic Du"]
[Result "1/2-1/2"]
[WhiteElo "1963"]
[BlackElo "2425"]
[PlyCount "159"]
[EventDate "2015.07.17"]
[EventType "swiss"]
[EventRounds "9"]
[EventCountry "GRE"]
[Source "Mark Crowther"]
[SourceDate "2015.07.20"]

1. d4 Nf6 2. Bg5 Ne4 3. Bf4 c5 4. d5 Qb6 5. Qc1 g5 6. Be5 c4 7. e3 f6 8. Nc3
Qa5 9. Bxb8 Rxb8 10. Bxc4 b5 11. Bb3 Nxc3 12. Qd2 b4 13. bxc3 bxc3 14. Qe2 Ba6
15. Qh5+ Kd8 16. Rd1 Qb5 17. Ne2 Qxe2+ 18. Qxe2 Bxe2 19. Kxe2 f5 20. h4 g4 21.
h5 Bg7 22. h6 Be5 23. Rh5 Rf8 24. e4 Rb6 25. exf5 Rbf6 26. f3 g3 27. Rd3 Rxf5
28. Rxf5 Rxf5 29. f4 Bxf4 30. Rxc3 Rf6 31. Rf3 Kc7 32. Kd3 Kd6 33. Ke4 Bxh6 34.
Rxf6+ exf6 35. Kf3 Bc1 36. Kxg3 Ke5 37. Kf3 Ba3 38. g4 f5 39. gxf5 Kxf5 40. Ba4
d6 41. c4 Ke5 42. Ke3 Bc5+ 43. Kd3 h5 44. Bd1 h4 45. Bf3 Ba3 46. Bg2 Kf4 47.
Ke2 a5 48. Bh1 a4 49. Bg2 Bc5 50. Bh1 h3 51. Bf3 Bb6 52. Bh1 a3 53. Bf3 Bd4 54.
Bh1 Bf6 55. Bf3 Kg3 56. Be4 Kh2 57. Kf1 Bh4 58. Bf3 Kg3 59. Ke2 Kf4 60. Bh1 Ke5
61. Kd3 Bg5 62. Bf3 Bh6 63. Bh1 Kf4 64. Ke2 Ke5 65. Kd3 Kf5 66. Ke2 Kf4 67. Bf3
Kg3 68. Be4 Kh2 69. Kf1 Bg7 70. Bf3 Bd4 71. Be4 Kg3 72. Ke2 Bb6 73. Bf3 Kf4 74.
Bh1 Ke5 75. Kd3 Kf5 76. Ke2 Kf6 77. Bf3 Bc5 78. Bh1 Bd4 79. Bf3 Ke7 80. Bh1
1/2-1/2

[Event "8th Paleochora Open 2015"]
[Site "?"]
[Date "2015.07.19"]
[Round "4"]
[White "Chalmeta Ugas R"]
[Black "Puuska Heini"]
[Result "0-1"]
[WhiteElo "2294"]
[BlackElo "1963"]
[PlyCount "70"]
[EventDate "2015.07.17"]
[EventType "swiss"]
[EventRounds "9"]
[EventCountry "GRE"]
[Source "Mark Crowther"]
[SourceDate "2015.07.20"]

1. e4 e6 2. d4 d5 3. Nd2 c5 4. exd5 exd5 5. Ngf3 a6 6. c3 Nc6 7. dxc5 Bxc5 8.
Nb3 Bb6 9. Be2 Nf6 10. Nbd4 Ne4 11. Be3 O-O 12. Qb3 Nc5 13. Qc2 h6 14. Rd1 Bg4
15. O-O Ne6 16. Nxc6 bxc6 17. Ne5 Bxe3 18. Bxg4 Bf4 19. Nxc6 Bxh2+ 20. Kh1 Qh4
21. Bh3 Bc7 22. Qf5 g6 23. Qg4 Qf6 24. Nb4 h5 25. Qe2 Nf4 26. Nxd5 Nxd5 27.
Rxd5 Rfe8 28. Qc4 Re5 29. Rd3 Rd8 30. Rxd8+ Bxd8 31. f4 Re3 32. Qd5 Qh4 33. Rf3
Re1+ 34. Kh2 Bb6 35. g3 Re2+ 0-1

[Event "8th Paleochora Open 2015"]
[Site "?"]
[Date "2015.07.20"]
[Round "5"]
[White "Puuska Heini"]
[Black "Cafaro Luca"]
[Result "1/2-1/2"]
[WhiteElo "1963"]
[BlackElo "2239"]
[PlyCount "57"]
[EventDate "2015.07.17"]
[EventType "swiss"]
[EventRounds "9"]
[EventCountry "GRE"]
[Source "Mark Crowther"]
[SourceDate "2015.07.27"]

1. c4 e5 2. g3 Nf6 3. Bg2 c6 4. d4 exd4 5. Qxd4 d5 6. cxd5 cxd5 7. Nf3 Nc6 8.
Qa4 Bc5 9. O-O O-O 10. Ne1 Nd4 11. Nc3 Bg4 12. Nd3 b5 13. Qd1 Bb6 14. Nf4 b4
15. Be3 bxc3 16. Bxd4 Bxd4 17. Qxd4 cxb2 18. Qxb2 Qa5 19. Qd4 Rfd8 20. Rfc1 Qb6
21. Qxb6 axb6 22. Rc6 Ra6 23. e3 h6 24. Bf1 Ra3 25. Rxb6 Rda8 26. Rb2 g5 27.
Ne2 Ne4 28. Bg2 Bd7 29. Nd4 1/2-1/2

[Event "8th Paleochora Open 2015"]
[Site "?"]
[Date "2015.07.21"]
[Round "6"]
[White "Djingarova E"]
[Black "Puuska Heini"]
[Result "1-0"]
[WhiteElo "2270"]
[BlackElo "1963"]
[PlyCount "59"]
[EventDate "2015.07.17"]
[EventType "swiss"]
[EventRounds "9"]
[EventCountry "GRE"]
[Source "Mark Crowther"]
[SourceDate "2015.07.27"]

1. Nf3 c5 2. e4 g6 3. d4 Bg7 4. dxc5 Na6 5. Bxa6 Qa5+ 6. Bd2 Qxa6 7. Bc3 Nf6 8.
Bd4 O-O 9. Nc3 b6 10. e5 Nh5 11. cxb6 Nf4 12. Rg1 Bb7 13. Be3 Ne6 14. Qd3 axb6
15. O-O-O Bxf3 16. gxf3 Bxe5 17. Qxa6 Rxa6 18. Rxd7 Bxh2 19. Rg4 Be5 20. Nd5
Rxa2 21. Nxe7+ Kh8 22. c3 h5 23. Re4 Bf6 24. Nxg6+ fxg6 25. Rxe6 Kg8 26. Bh6
Rd8 27. Rb7 Bh4 28. Rxg6+ Kh8 29. Bg7+ Kh7 30. Rh6+ 1-0

[Event "8th Paleochora Open 2015"]
[Site "?"]
[Date "2015.07.20"]
[Round "5"]
[White "Maki-Uuro Miikka"]
[Black "Zakhartsov Vi"]
[Result "0-1"]
[WhiteElo "2329"]
[BlackElo "2548"]
[PlyCount "66"]
[EventDate "2015.07.17"]
[EventType "swiss"]
[EventRounds "9"]
[EventCountry "GRE"]
[Source "Mark Crowther"]
[SourceDate "2015.07.27"]

1. c4 g6 2. g3 Bg7 3. Bg2 Nf6 4. Nc3 O-O 5. e4 d6 6. Nge2 c5 7. d3 Nc6 8. Bg5
Rb8 9. Qd2 a6 10. Nd5 e6 11. Nxf6+ Bxf6 12. Bh6 Re8 13. O-O b5 14. cxb5 Rxb5
15. Rab1 Bd7 16. f4 Qa5 17. Nc3 Bd4+ 18. Kh1 Reb8 19. f5 Bxc3 20. fxg6 hxg6 21.
Qf4 f6 22. bxc3 Qxc3 23. Rxb5 axb5 24. Qxd6 Qd4 25. Qf4 Ra8 26. Qh4 g5 27. Qh5
Be8 28. Qh3 Qe5 29. Bf3 c4 30. dxc4 bxc4 31. Qg2 Nd4 32. h4 Bc6 33. Kg1 Ra3 0-1

[Event "8th Paleochora Open 2015"]
[Site "?"]
[Date "2015.07.21"]
[Round "6"]
[White "Papadopoulos Ar"]
[Black "Maki-Uuro Mi"]
[Result "1/2-1/2"]
[WhiteElo "2092"]
[BlackElo "2329"]
[PlyCount "67"]
[EventDate "2015.07.17"]
[EventType "swiss"]
[EventRounds "9"]
[EventCountry "GRE"]
[Source "Mark Crowther"]
[SourceDate "2015.07.27"]

1. e4 c5 2. Nf3 e6 3. d4 cxd4 4. Nxd4 Nc6 5. Nc3 Qc7 6. Be2 a6 7. Be3 Nf6 8.
O-O Bb4 9. Nxc6 bxc6 10. f4 d5 11. e5 Nd7 12. Na4 O-O 13. c3 Be7 14. c4 Bb7 15.
cxd5 cxd5 16. Rc1 Bc6 17. Bd3 Rfc8 18. Qc2 g6 19. Nc5 Qb6 20. Qf2 Nxc5 21. Bxc5
Bxc5 22. Rxc5 Qb7 23. Rfc1 Bd7 24. Qd4 Rxc5 25. Rxc5 Rc8 26. b4 Bb5 27. Bc2 Bc4
28. a3 Rxc5 29. Qxc5 Qd7 30. g3 Bb5 31. Qd4 Qc6 32. Qc5 Qd7 33. Qd4 Qc6 34. Qc5
1/2-1/2

[Event "8th Paleochora Open 2015"]
[Site "?"]
[Date "2015.07.22"]
[Round "7"]
[White "Maki-Uuro Miikka"]
[Black "Pappelis D"]
[Result "1-0"]
[WhiteElo "2329"]
[BlackElo "2070"]
[PlyCount "55"]
[EventDate "2015.07.17"]
[EventType "swiss"]
[EventRounds "9"]
[EventCountry "GRE"]
[Source "Mark Crowther"]
[SourceDate "2015.07.27"]

1. d4 g6 2. e4 Bg7 3. c4 c5 4. Nf3 cxd4 5. Nxd4 Nc6 6. Be3 Nf6 7. Nc3 Ng4 8.
Qxg4 Nxd4 9. Qd1 e5 10. Nb5 O-O 11. Be2 Qh4 12. Nxd4 exd4 13. Bxd4 Qxe4 14.
Bxg7 Qxg2 15. Qd4 Qxh1+ 16. Kd2 Qxh2 17. Bf3 d6 18. Bxf8 Kxf8 19. Re1 Be6 20.
Qh8+ Ke7 21. Qxa8 Qxf2+ 22. Be2 Qf4+ 23. Kd1 Qd4+ 24. Kc1 Qe3+ 25. Kb1 Qe4+ 26.
Ka1 Bxc4 27. Qxa7 Bxe2 28. Qf2 1-0

[Event "8th Paleochora Open 2015"]
[Site "?"]
[Date "2015.07.23"]
[Round "8"]
[White "Tzouganakis P"]
[Black "Maki-Uuro Mi"]
[Result "1/2-1/2"]
[WhiteElo "2197"]
[BlackElo "2329"]
[PlyCount "89"]
[EventDate "2015.07.17"]
[EventType "swiss"]
[EventRounds "9"]
[EventCountry "GRE"]
[Source "Mark Crowther"]
[SourceDate "2015.07.27"]

1. e4 c6 2. d4 d5 3. e5 Bf5 4. Nf3 e6 5. Be2 Nd7 6. O-O Bg6 7. c3 Nh6 8. Nbd2
Nf5 9. Ne1 c5 10. Ndf3 cxd4 11. cxd4 Rc8 12. Qa4 a6 13. Bd2 Qb6 14. Bc3 Ne7 15.
Nh4 Nc6 16. Nxg6 hxg6 17. Nd3 Be7 18. Rac1 O-O 19. Bg4 Qa7 20. a3 b5 21. Qd1
Nxd4 22. Nf4 Nf5 23. Bxf5 gxf5 24. Qh5 d4 25. Rcd1 dxc3 26. Rd3 Nxe5 27. Rh3 f6
28. bxc3 Bxa3 29. Nxe6 Qd7 30. Nxg7 Qxg7 31. Rg3 Ng4 32. Qxf5 Rc5 33. Qe6+ Qf7
34. Rxg4+ Rg5 35. Rxg5+ fxg5 36. Qxa6 Bc5 37. Qxb5 Bxf2+ 38. Kh1 Qf5 39. Qxf5
Rxf5 40. g3 Rf7 41. Kg2 Bc5 42. Rxf7 Kxf7 43. Kf3 Kf6 44. h4 gxh4 45. gxh4
1/2-1/2